Μελέτη ιξωδοελαστικών ρευστών με ιξώδες εξαρτώμενο από την πίεση : μεταπτυχιακή διατριβή
Στην παρούσα εργασία μελετούμε την ασυμπίεστη ροή ενός μη-Νευτώνειου ρευστού τύπου Maxwell με ιξώδες εξαρτώμενο από την πίεση, το οποίο το περιγράφουν δύο διαφορετικά μοντέλα, το πρώτο έχει μια εκθετική εξάρτηση από την πίεση και το δεύτερο έχει μια γραμμική εξάρτηση. Μία ανάλυση με τη μέθοδο κανονι...
Αποθηκεύτηκε σε:
| Κύριος συγγραφέας: | |
|---|---|
| Συγγραφή απο Οργανισμό/Αρχή: | |
| Μορφή: | Thesis Βιβλίο |
| Γλώσσα: | Greek |
| Δημοσίευση: |
2014.
|
| Θέματα: | |
| Διαθέσιμο Online: | http://hdl.handle.net/11610/12127 |
| Ετικέτες: |
Προσθήκη ετικέτας
Δεν υπάρχουν, Καταχωρήστε ετικέτα πρώτοι!
|
MARC
| LEADER | 00000cam a2200000 a 4500 | ||
|---|---|---|---|
| 001 | 1/109378 | ||
| 008 | 151119s2014####gr | ||| |||| ||gre|| | ||
| 040 | |a GR-MyUa |b gre |c GR-MyUa |e AACR2 | ||
| 041 | 0 | |a gre | |
| 082 | 7 | |a 532.0533 |2 (23) | |
| 100 | 1 | |a Γκουντέτσιος, Χρήστος. | |
| 245 | 1 | 0 | |a Μελέτη ιξωδοελαστικών ρευστών με ιξώδες εξαρτώμενο από την πίεση : |b μεταπτυχιακή διατριβή / |c Χρήστος Γκουντέτσιος ; επιβλέπων καθηγητής Κωνσταντίνος Χουσιάδας. |
| 260 | |c 2014. | ||
| 300 | |a 87 σ. : |b σχέδια ; |c 30 εκ. | ||
| 502 | |a Διατριβή (μεταπτυχιακή) - Πανεπιστήμιο Αιγαίου, Σάμος, 2014. | ||
| 504 | |a Βιβλιογραφία: σ. 85-87. | ||
| 506 | 0 | |a Διάθεση πλήρους κειμένου - Ελεύθερη πρόσβαση. | |
| 520 | 8 | |a Στην παρούσα εργασία μελετούμε την ασυμπίεστη ροή ενός μη-Νευτώνειου ρευστού τύπου Maxwell με ιξώδες εξαρτώμενο από την πίεση, το οποίο το περιγράφουν δύο διαφορετικά μοντέλα, το πρώτο έχει μια εκθετική εξάρτηση από την πίεση και το δεύτερο έχει μια γραμμική εξάρτηση. Μία ανάλυση με τη μέθοδο κανονικών διαταραχών για τις πρωτεύουσες μεταβλητές της ροής πραγματοποιείται με την αδιάστατη παράμετρο της ελαστικότητας να είναι ο όρος της διαταραχής. Το σύστημα των Μερικών Διαφορικών Εξισώσεων λύνεται μέχρι και τον όρο πρώτης τάξης, το οποίο προκύπτει μέσα από την διαδικασία της μεθόδου διαταραχής. Εξετάζονται επίσης οι επιπτώσεις της ελαστικότητας μέσω του αριθμού Deborah και του αριθμού συμπιεστότητας καθώς και του λόγου μορφής του μέσου που ρέει το ρευστό στην ταχύτητα, στην πίεση και στην τάση του ρευστού. | |
| 540 | |a Κλειδωμένη η δυνατότητα αντιγραφής (copy) του κειμένου. | ||
| 650 | 0 | |a Non-Newtonian fluids. | |
| 650 | 0 | |a Viscoelasticity. | |
| 650 | 0 | |a Dissertations, Academic |z Greece. | |
| 700 | 1 | |a Χουσιάδας, Κωνσταντίνος, |e dgs | |
| 710 | 2 | |a Πανεπιστήμιο Αιγαίου |b Σχολή Θετικών Επιστημών |b Τμήμα Μαθηματικών |b Μεταπτυχιακό Πρόγραμμα Σπουδών Μαθηματική Μοντελοποίηση στις Φυσικές Επιστήμες και στις Σύγχρονες Τεχνολογίες. | |
| 852 | |a INST |b SAMOS |c DIATR |e 20151119 |h 532.0533 ΓΚΟ |p 005300042641 |q 005300042641 |t MTXE |y 23 | ||
| 852 | |a INST |b SAMOS |c DIATR |e 20151119 |h 532.0533 ΓΚΟ |p 005300042642 |q 005300042642 |t MTXE |y 23 | ||
| 856 | |u http://hdl.handle.net/11610/12127 | ||
| 924 | |a Γκουντέτσιος |b Χρήστος |y Σάμος |z 2014-10 | ||
| 970 | |a Κοσιέρης |b Χρήστος |z 19-11-2015 | ||